[Event "Moscow Beliaev Memorial 7th"]
[Site "Moscow"]
[Date "2006.12.24"]
[Round "9"]
[White "Kichubaev, Kamil Rashidovich"]
[Black "Musin, Arsen"]
[Result "1/2-1/2"]
[WhiteElo "2378"]
[BlackElo "2103"]
[PlyCount "109"]
[EventDate "2006.12.16"]
[EventType "swiss"]
[EventRounds "9"]
[EventCountry "RUS"]
[SourceTitle "EXT 2008"]
[Source "ChessBase"]
[SourceDate "2007.11.25"]
[SourceVersion "1"]
[SourceVersionDate "2007.11.25"]
[SourceQuality "1"]

1. Nf3 Nf6 2. c4 c5 3. g3 g6 4. Bg2 Bg7 5. 0-0 0-0 6. d4 d6 7. Nc3 Nc6 8. d5 Na5 9. Nd2 Rb8 10. Qc2 a6 11. b3 b5 12. Bb2 bxc4 13. bxc4 Bd7 14. Rae1 Qc7 15. Nd1 Rb7 16. e4 Rfb8 17. Bc3 Ne8 18. Bxg7 Nxg7 19. Qc3 Qb6 20. Ne3 Qb4 21. Qd3 Qa4 22. Ra1 Rb4 23. Rfc1 Bc8 24. Rc3 Qd7 25. Bf3 Qc7 26. h4 h5 27. Kh2 Ne8 28. Bg2 Nf6 29. f3 Nd7 30. f4 Nf6 31. Ra3 Ng4+ 32. Nxg4 Bxg4 33. Rc1 Rb2 34. Qc3 R8b4 35. Rc2 Rxc2 36. Qxc2 Qb6 37. Bf1 Rb2 38. Qc3 Rb4 39. Bd3 Bd1 40. e5 Bg4 41. exd6 exd6 42. Nb3 Nxb3 43. axb3 Bd1 44. Bc2 Bxc2 45. Qxc2 Qb7 46. f5 Kg7 47. Qc3+ Kh7 48. Qf6 Rb6 49. fxg6+ fxg6 50. Qe6 Qg7 51. Ra2 Rxb3 52. Qxd6 Rb2+ 53. Rxb2 Qxb2+ 54. Kh3 Qf2 55. Qxa6 1/2-1/2

[Event "Moscow Beliaev Memorial 7th"]
[Site "Moscow"]
[Date "2006.12.18"]
[Round "3"]
[White "Kichubaev, Kamil Rashidovich"]
[Black "Nagimullin, Timur"]
[Result "1-0"]
[WhiteElo "2378"]
[BlackElo "2221"]
[PlyCount "82"]
[EventDate "2006.12.16"]
[EventType "swiss"]
[EventRounds "9"]
[EventCountry "RUS"]
[SourceTitle "EXT 2008"]
[Source "ChessBase"]
[SourceDate "2007.11.25"]
[SourceVersion "1"]
[SourceVersionDate "2007.11.25"]
[SourceQuality "1"]

1. d4 Nf6 2. c4 e6 3. Nf3 Bb4+ 4. Bd2 Bxd2+ 5. Qxd2 b6 6. g3 Bb7 7. Bg2 d6 8. 0-0 Nbd7 9. Qc2 0-0 10. Nc3 a6 11. d5 e5 12. b4 g6 13. e4 Qe7 14. Rac1 c6 15. dxc6 Bxc6 16. Nd5 Nxd5 17. cxd5 Bb5 18. Rfe1 Rfc8 19. Qxc8+ Rxc8 20. Rxc8+ Kg7 21. Rec1 Qf6 22. R1c7 h6 23. Ra8 g5 24. Raa7 Nf8 25. Nd2 g4 26. Rxf7+ Qxf7 27. Rxf7+ Kxf7 28. h3 h5 29. hxg4 hxg4 30. Bf1 Nh7 31. Bxb5 axb5 32. Kf1 Ng5 33. Ke2 Kf6 34. Ke3 Nf7 35. Nb1 Ke7 36. Nc3 Kd7 37. Nxb5 Kc8 38. a4 Kb7 39. f3 gxf3 40. Kxf3 Ng5+ 41. Ke3 Nf7 1-0

[Event "Muhamedzjanov Memorial 3rd"]
[Site "Nabereznye Chelny"]
[Date "2006.06.14"]
[Round "6"]
[White "Kupreichik, Viktor D"]
[Black "Kichubaev, Kamil Rashidovich"]
[Result "1-0"]
[WhiteElo "2455"]
[BlackElo "2390"]
[PlyCount "51"]
[EventDate "2006.06.11"]
[EventType "tourn"]
[EventRounds "11"]
[EventCountry "RUS"]
[EventCategory "8"]
[SourceTitle "CBM 112 Extra"]
[Source "ChessBase"]
[SourceDate "2006.07.14"]
[SourceVersion "1"]
[SourceVersionDate "2006.07.14"]
[SourceQuality "1"]

1. e4 c6 2. Nc3 d5 3. d4 g6 4. Bf4 Bg7 5. e5 h5 6. Qd2 Nh6 7. h3 b5 8. Nf3 Nf5 9. Bd3 Qb6 10. 0-0-0 e6 11. Ne2 Nd7 12. g4 Ne7 13. gxh5 Rxh5 14. Ng3 Rh8 15. h4 Nf5 16. h5 Nxg3 17. fxg3 gxh5 18. g4 h4 19. g5 Nf8 20. g6 fxg6 21. Nxh4 Bb7 22. Bg5 c5 23. Nxg6 Rxh1 24. Rxh1 c4 25. Nxf8 cxd3 26. Qxd3 1-0

[Event "Muhamedzjanov Memorial 3rd"]
[Site "Nabereznye Chelny"]
[Date "2006.06.13"]
[Round "4"]
[White "Alavkin, Arseny Nailievich"]
[Black "Kichubaev, Kamil Rashidovich"]
[Result "1-0"]
[WhiteElo "2485"]
[BlackElo "2390"]
[PlyCount "77"]
[EventDate "2006.06.11"]
[EventType "tourn"]
[EventRounds "11"]
[EventCountry "RUS"]
[EventCategory "8"]
[SourceTitle "CBM 112 Extra"]
[Source "ChessBase"]
[SourceDate "2006.07.14"]
[SourceVersion "1"]
[SourceVersionDate "2006.07.14"]
[SourceQuality "1"]

1. e4 c5 2. Nf3 e6 3. b3 b6 4. d4 cxd4 5. Nxd4 a6 6. Bd3 Bb7 7. 0-0 d6 8. c4 Nf6 9. Nc3 Nc6 10. Nxc6 Bxc6 11. Bb2 Be7 12. Qe2 0-0 13. Rae1 Ra7 14. f4 b5 15. Kh1 b4 16. Nd1 Nd7 17. Qg4 g6 18. Bd4 Rb7 19. Qh3 e5 20. Be3 Bf6 21. f5 Bg7 22. Bh6 Qe7 23. Ne3 Nf6 24. Bg5 Qd7 25. Qh4 Nh5 26. f6 Bh8 27. Nf5 Re8 28. Re3 Re6 29. Rh3 Kf8 30. Bh6+ Ke8 31. Ng7+ Kd8 32. Nxe6+ Qxe6 33. Bg7 Qe8 34. Be2 Nf4 35. Rxf4 exf4 36. Qxf4 Kc7 37. c5 Bxe4 38. Re3 Bxg7 39. Qxd6+ 1-0

[Event "RUS-chT Clubs sf"]
[Site "Cheliabinsk"]
[Date "2005.01.??"]
[Round "2"]
[White "Petukhov, Dmitry"]
[Black "Kichubaev, Kamil Rashidovich"]
[Result "1/2-1/2"]
[WhiteElo "2227"]
[BlackElo "2439"]
[PlyCount "69"]
[EventDate "2005.01.??"]
[EventType "team"]
[EventRounds "9"]
[EventCountry "RUS"]
[SourceTitle "EXT 2006"]
[Source "ChessBase"]
[SourceDate "2005.11.24"]
[SourceVersion "1"]
[SourceVersionDate "2005.11.24"]
[SourceQuality "1"]

1. e4 c5 2. c3 Nf6 3. e5 Nd5 4. d4 cxd4 5. Nf3 e6 6. cxd4 d6 7. Nc3 Nxc3 8. bxc3 Qc7 9. Bd2 Nd7 10. exd6 Bxd6 11. Bd3 b6 12. 0-0 Bb7 13. Re1 0-0 14. h3 Bf4 15. Ne5 Bxe5 16. dxe5 Nc5 17. Bc2 Qc6 18. Qg4 Rfd8 19. Bg5 Rd7 20. f3 Nd3 21. Bxd3 Rxd3 22. Bf6 Qc5+ 23. Kh1 Qf8 24. c4 Kh8 25. Bh4 Qa3 26. Qf4 Kg8 27. Rad1 Rc8 28. Kh2 Qc3 29. Bf6 Kh8 30. Qh6 gxf6 31. Re3 Rxe3 32. Qxf6+ Kg8 33. Rd8+ Rxd8 34. Qxd8+ Kg7 35. Qg5+ 1/2-1/2

[Event "Privolzhskogo FO-ch"]
[Site "Omsk"]
[Date "2004.12.13"]
[Round "4"]
[White "Bazhin, Anatoly"]
[Black "Kichubaev, Kamil Rashidovich"]
[Result "1/2-1/2"]
[WhiteElo "2336"]
[BlackElo "2439"]
[PlyCount "85"]
[EventDate "2004.12.11"]
[EventType "swiss"]
[EventRounds "5"]
[EventCountry "RUS"]
[SourceTitle "EXT 2006"]
[Source "ChessBase"]
[SourceDate "2005.11.24"]
[SourceVersion "1"]
[SourceVersionDate "2005.11.24"]
[SourceQuality "1"]

1. d4 d5 2. c4 e6 3. Nc3 Nf6 4. cxd5 Nxd5 5. e4 Nxc3 6. bxc3 c5 7. Nf3 cxd4 8. cxd4 Bb4+ 9. Bd2 Bxd2+ 10. Qxd2 0-0 11. Bc4 Nc6 12. 0-0 Na5 13. Bd3 b6 14. Rfe1 Bb7 15. d5 Qe7 16. Qf4 Qf6 17. Qg3 Qg6 18. dxe6 fxe6 19. Qxg6 hxg6 20. Ne5 Rfd8 21. Bb5 Rd4 22. Bd7 Kf8 23. Bxe6 Ke7 24. Bh3 Rxe4 25. Nxg6+ Kf6 26. Rxe4 Bxe4 27. Nf4 Rd8 28. f3 Bh7 29. Re1 Bg8 30. Be6 Bxe6 31. Rxe6+ Kf5 32. Re4 Rd1+ 33. Kf2 Rd2+ 34. Re2 Rd7 35. Nh5 Nc4 36. g4+ Kg6 37. Nf4+ Kf7 38. g5 g6 39. h4 b5 40. Kg3 Rd2 41. Re6 Rd6 42. Rxd6 Nxd6 43. Kg4 1/2-1/2